000 00426nam a2200157Ia 4500
003 GCL
008 140319s9999 xx 000 0 eng d
040 _aGCL /
_cGCL
082 0 4 _a005.72
_bF.D
100 1 _aZACARIAS, AGOSTINHO
245 1 0 _aDIGITAL FUNDEMENTAL: FOURTH EDITION /
_cZACARIAS, AGOSTINHO
260 _a[S.N] :
_bMACMILLAN PUBLISHING COMPANY
650 0 4 _aDIGITAL
650 0 4 _aDIGITAL DESIGN
942 _2ddc
_cBK
999 _c16513
_d16513